Acteurs du film Trop belle pour toi par images - Statistiques

Statistiques générales
  • Ce quiz a été pris 68 fois
  • Le résultat moyen est 4 sur 5
Statistiques - réponses
Par images Hint Réponse % Correct
Bernard Barthélémy Gérard Depardieu
100%
Colette Chevassu Josiane Balasko
91%
Florence Barthélémy Carole Bouquet
86%
Pascal François Cluzet
71%
Réalisateur Bertrand Blier
67%
Aucun quiz correspondant
Distribution des résultats
% des personnes avec chaque résultat
Percentile par nombre de réponses
Votre historique - résultats
Vous n’avez pas pris ce quiz